000 00622nam a2200205 a 4500
001 65555
003 BD-RjUL
005 20211209081435.0
008 170308s1972 co ||||| |||| 00| 0 eng d
035 _a(BD-RjUL)
040 _aBD-RjUL
_beng
_cBD-RjUL
041 _aeng
082 _223
_a821.3
_bPRF 1972
100 1 _aPriest, Harold Martin
_9193966
245 1 0 _aThe faerie queene :
_bnotes /
_cHarold Martin Priest
260 _aLondon :
_bColes publishing company limited,
_c1972.
300 _a137 p. ;
_c22 cm.
600 _aSpenser, Edmund,
_d1552?-1599
_q Faerie queene
_t Study guides.
_9193967
942 _2ddc
_cBK
999 _c65555
_d65555